Anil Bhatti: A tribute from a student (Record no. 524994)
[ view plain ]
| 000 -LEADER | |
|---|---|
| fixed length control field | 00347nam a22001217a 4500 |
| 008 - FIXED-LENGTH DATA ELEMENTS--GENERAL INFORMATION | |
| fixed length control field | 240205b ||||| |||| 00| 0 eng d |
| 100 ## - MAIN ENTRY--PERSONAL NAME | |
| Personal name | Mazumdar, Shaswati |
| 245 ## - TITLE STATEMENT | |
| Title | Anil Bhatti: A tribute from a student |
| 260 ## - PUBLICATION, DISTRIBUTION, ETC. (IMPRINT) | |
| Place of publication, distribution, etc | Social Scientist |
| 300 ## - PHYSICAL DESCRIPTION | |
| Extent | 519(9-10), Sep-Oct, 2023: p.93-96 |
| 773 ## - HOST ITEM ENTRY | |
| Main entry heading | Social Scientist |
| 942 ## - ADDED ENTRY ELEMENTS (KOHA) | |
| Item type | Articles |
| Withdrawn status | Lost status | Source of classification or shelving scheme | Damaged status | Not for loan | Permanent location | Current location | Date acquired | Serial Enumeration / chronology | Barcode | Date last seen | Koha item type |
|---|---|---|---|---|---|---|---|---|---|---|---|
| Indian Institute of Public Administration | Indian Institute of Public Administration | 2024-02-05 | 519(9-10), Sep-Oct, 2023: p.93-96 | AR130827 | 2024-02-05 | Articles |
